FINANCIAL SERVICE (Record no. 41547)
[ view plain ]
| 000 -LEADER | |
|---|---|
| fixed length control field | 00329nam a2200145Ia 4500 |
| 008 - FIXED-LENGTH DATA ELEMENTS--GENERAL INFORMATION | |
| fixed length control field | 230216s9999 xx 000 0 und d |
| 020 ## - INTERNATIONAL STANDARD BOOK NUMBER | |
| International Standard Book Number | 9789353167325 |
| 082 ## - DEWEY DECIMAL CLASSIFICATION NUMBER | |
| Item number | KHA-F |
| 100 ## - MAIN ENTRY--PERSONAL NAME | |
| Personal name | KHAN M.Y |
| 245 #0 - TITLE STATEMENT | |
| Title | FINANCIAL SERVICE |
| 250 ## - EDITION STATEMENT | |
| Edition statement | 10TH |
| 260 ## - PUBLICATION, DISTRIBUTION, ETC. | |
| Place of publication, distribution, etc. | DJ BOOK DELHI |
| Name of publisher, distributor, etc. | MC GROW HILL |
| Date of publication, distribution, etc. | 2021 |
| 300 ## - PHYSICAL DESCRIPTION | |
| Extent | 734 |
| 942 ## - ADDED ENTRY ELEMENTS (KOHA) | |
| Koha item type | Book |
| Withdrawn status | Lost status | Damaged status | Not for loan | Collection code | Permanent Location | Current Location | Shelving location | Date acquired | Cost, normal purchase price | Full call number | Barcode | Date last seen | Price effective from | Koha item type |
|---|---|---|---|---|---|---|---|---|---|---|---|---|---|---|
| School of Management | Central Library, MUIT, Lucknow | Central Library, MUIT, Lucknow | R12S3 | 2023-02-16 | 945.00 | 332 | 6899 | 2023-02-16 | 2023-02-16 | Book | ||||
| School of Management | Central Library, MUIT, Lucknow | Central Library, MUIT, Lucknow | R12S3 | 2023-02-16 | 945.00 | 332 | 6900 | 2023-02-16 | 2023-02-16 | Book | ||||
| School of Management | Central Library, MUIT, Lucknow | Central Library, MUIT, Lucknow | R12S3 | 2023-02-16 | 945.00 | 332 | 6901 | 2023-02-16 | 2023-02-16 | Book |